US States with Lowest Divorce Rates - Statistics

General Stats
  • This quiz has been taken 42 times
  • The average score is 6 of 10
Answer Stats
Rate State % Correct
9.4% Hawaii
73%
9.4% Utah
73%
8.1% North Dakota
62%
8.4% New York
59%
9.6% Virginia
59%
9.7% Minnesota
57%
9.1% Massachusetts
54%
8.2% New Jersey
54%
9.5% Illinois
43%
9.2% Pennsylvania
43%
No matching quizzes found
Score Distribution
Percent of People with Each Score
Percentile by Number Answered
Your Score History
You have not taken this quiz